Fill in the Blanks K-pop (Meovv Ver.) - Statistics

General Stats
  • This quiz has been taken 14 times
  • The average score is 4 of 9
Answer Stats
Hint Answer % Correct
Drop top, drop top, feel the _____ drop rain
77%
Try and match my ______ energy
69%
Sevin' it up like some ______, thinkin' you big you don't know that we, bigger dinner
62%
Hands up, who the real _______? villain
62%
Oh my God, in my ________ mirror rearview
46%
They call me ______, but I'll find you when you leave (hmm) naive
38%
I just want to make the _____ stop (stop, yeah) story
38%
_________, let the ground break Catwalk
23%
__________ ain't nothing new to me Provocation
15%
No matching quizzes found
Score Distribution
Percent of People with Each Score
Percentile by Number Answered
Your Score History
You have not taken this quiz